000 00491nam a22001817a 4500
999 _c524237
_d524237
003 NUST
020 _a978-969-577-056-06
038 _awaseem
082 _a491.49131
_bMAQ
100 _aSaqib, Maqsood
_915047
245 _aLok Boli Lok Wehar /
_cMaqsood Saqib
260 _aLahore :
_bSacheet Kitab Ghar,
_c2013.
300 _a246p. ;
500 _aPapercover.
880 _6100-01\r
_aمقصودثاقب
880 _6245.02\r
_aلوک بولی لوک ویہار /
942 _2ddc
_cBVOL